Využitie elektronickej kartotéky vo firemnom podnikaní bakalárska práca

Gespeichert in:
Bibliographische Detailangaben
1. Verfasser: Bellay, Marek
Körperschaft: Obchodná fakulta EU. Katedra informatiky obchodných firiem
Weitere Verfasser: Poláček, Marian
Format: Buch
Sprache:Slowakisch
Veröffentlicht: Bratislava 2014
Tags: Tag hinzufügen
Keine Tags, Fügen Sie das erste Tag hinzu!

MARC

LEADER 00000nbm a2200000 4500
001 0188301
005 20170201101342.8
041 0 |a slo 
044 |a SK 
245 1 0 |a Využitie elektronickej kartotéky vo firemnom podnikaní  |b bakalárska práca  |c Marek Bellay ; školiteľ: Marian Poláček 
264 1 |a Bratislava  |c 2014 
300 |a 69 s. 
100 1 |a Bellay, Marek 
700 1 |a Poláček, Marian 
710 2 |a Obchodná fakulta EU. Katedra informatiky obchodných firiem